000 00607nam a2200181 i 4500
001 67881
003 ES-MaACL
005 20250929063129.0
007 t|
008 040216s1920 sp ||||1| spa d
100 0 _aQuintanar, Fernando Gallego de Chaves y Calleja,
_cMarqués de
_994696
245 1 0 _aPortugal y el hispanismo /
_cFernando Gallego de Chaves, Conde de Santíbañez del Río.
260 _aMadrid :
_b[s.n.,
_c1920]
300 _a69 p.
700 1 _aRomanones, Álvaro de Figueroa y Torres,
_cConde de,
_d1863-1950
_999264
852 _aES-MaACL
_j1656-F-4
999 _c67881
_d67881